000 00909nam a2200229 a 4500
001 000689143
003 AM-YeHGA
005 20250617142326.0
008 091012s1985 ||| r 000 0 rus d
040 _aAM-YeHGA
041 0 _arus
100 1 _aБосиков, Николай Петрович
245 1 0 _aМерзлотные ландшафты зоны освоения Лено-Алданского междуречья /
_cН.П. Босиков, И.С. Васильев, А.Н. Федоров.
260 _aЯкутск :
_bИМ,
_c1985.
300 _a124 с. :
_b[1] л. табл.; ил.
504 _aБиблиогр.: с. 113-123
653 0 _aВечная мерзлота
653 0 _aГеографические ландшафты
700 1 _aВасильев, Иван Семенович
700 1 _aФедоров, Александр Николаевич
090 _c257243
999 _c255639
_d255639